000 00674cab a2200229 4500
001 ABS40980
008 090401t1989 xxu||||| |||| 00| 0 eng d
035 _a(Sirsi) u27290
041 _aeng
100 _aHull, M.
245 _aBeware differences in Scottish system
260 _c1989
350 _a0
490 _aEstates Times
_v(997) 2 June 1989, 19(1)
520 _aHighlights key differences between Scottish and English practice and procedures at rent review and lease renewal .
650 _aBUSINESS TENANCIES
650 _aSCOTLAND
690 _aLANDLORD AND TENANT-BUSINESS TENANCIES
700 _aCammidge, C.
942 _n0
948 _c04/03/1997
999 _c18368
_d18368